Slovensko-americké obyvateľstvo v USA a sčítanie ľudu v roku 2000
| Titel: | Slovensko-americké obyvateľstvo v USA a sčítanie ľudu v roku 2000 |
|---|---|
| Verfasser: | |
| In: |
Most, Band 44, Heft 1-4 (1999), Seite 226-228 alle Artikel anzeigen |
| Veröffentlicht: | 1999 |
| Format: | Aufsatz |
| Sprache: | Slowakisch |
X
alg: 39270213 001A $01999:11-11-16 001B $01999:27-04-21 $t20:50:58.000 001D $01999:11-11-16 001U $0utf8 001X $00 002@ $0Aox 003@ $0392702134 007A $0392702134 $aHEB 007T $0Herdb02473 010@ $aslo 011@ $a1999 021A $aSlovensko-americké obyvateľstvo v USA a sčítanie ľudu v roku 2000 028A $aMistina-Kona $dMartha 031A $d44 $e1-4 $h226-228 $j1999 039B $aIn $8--Abvc--. Most. - Cleveland, Ohio : Kydáva Slovenský Ústav, 1954- $x199900000440001774 $9047520809 045F $a306.094373 $eDDC23BSB 045F/01 $a306.09 045F/03 $g4373 055A $aMištinová-Konová $BPseud. $dMartha lok: 39270213 78 exp: 39270213 78 1 #EPN 201B/01 $019-04-17 $t11:29:46.000 201U/01 $0utf8 203@/01 $0788801503 208@/01 $a11-11-16 $be 209A/01 $a/ $f000 $x00 220C/01 $aTitelaufnehmer: azs;kk 220C/01 $aHerkunft: HÚ SAV Bratislava 244Z/01 $2Trx $#Slowakische Republik $#Szlovák Köztársaság $#Republika Słowacka $#Slovenská Republika $#Slovensko $#Slowakei $#Słowacja $#Slovensko $8--Trx--Slovenská Republika $x01 $9391345796 244Z/01 $aGeschichte 2000 $x02 244Z/01 $2Trx $#välisslovakid $#slovakų emigracija $#Slovaks-in-exile $#külföldi szlovákok $#Słowacy zagraniczni $#Slováci zahraniční $#Slováci zahraniční $8--Trx--Auslandsslowaken $x03 $9391375938 244Z/01 $2Trx $#rahvaloendused $#gyventojų surašymai [698Unterschied?] $#census $#népszámlálások $#spisy ludności $#sčítanie ľudu $#sčítání obyvatelstva $8--Trx--Volkszählungen $x04 $939138421X 244Z/01 $2Trx $#suhted, Slovaki-US Ameerika $#santykiai, JAV ir Slovakijos $#relations, Slovakian-US-American $#kapcsolatok, szlovák-US-amerikai $#stosunki amerykańsko-słowackie $#vzťahy americko-slovenské $#vztahy americko-slovenské $8--Trx--Beziehungen, slowakisch-US-amerikanische $x05 $9391378414 244Z/01 $2Trx $8--Trx--Zeitschriftenaufsatz $x06 $9391384341 245Z/01 $a08.04.04 $x01 247C/01 $82080>Marburg/Lahn, Herder-Institut, Forschungsbibliothek, Bibliographieportal $9336309341
| LEADER | 00000caa a22000002c 4500 | ||
|---|---|---|---|
| 001 | 392702134 | ||
| 003 | DE-603 | ||
| 005 | 20210427205058.0 | ||
| 007 | tu | ||
| 008 | 161111s1999 xx |||| | u00||u|slo c | ||
| 035 | |a (DE-599)HEB392702134 | ||
| 040 | |a DE-603 |b ger |c DE-603 |d DE-603 | ||
| 041 | |a slo | ||
| 082 | 0 | 4 | |8 1\u |a 306.094373 |q DE-101 |2 23/BSB |
| 085 | |8 1\u |b 306.09 | ||
| 085 | |8 1\u |z 2 |s 4373 | ||
| 100 | 1 | |a Mistina-Kona, Martha | |
| 245 | 0 | 0 | |a Slovensko-americké obyvateľstvo v USA a sčítanie ľudu v roku 2000 |
| 264 | 0 | |c 1999 | |
| 773 | 0 | 8 | |i In |t Most |d Cleveland, Ohio : Kydáva Slovenský Ústav, 1954- |g Band 44, Heft 1-4 (1999), Seite 226-228 |w (DE-603)047520809 |w (DE-600)347501-3 |
| 924 | 0 | |9 2080 |a (DE-603)788801503 |b DE-2080 |c HES |d d |g / | |


